000 00265nam a22001217a 4500
008 170615b xxu||||| |||| 00| 0 eng d
041 _aeng
080 _22ND
_a94(100)
100 _a16
101 _aSHH
245 _aPERMANENT REVOLUTION
_cKOHN,H
942 _2udc
_cBK
999 _c17534
_d17534